Rey meets BB-8 / (Record no. 31134)

MARC details
000 -LEADER
fixed length control field 01602cam a2200433Ii 4500
001 - CONTROL NUMBER
control field 930793381
003 - CONTROL NUMBER IDENTIFIER
control field OCoLC
005 - DATE AND TIME OF LATEST TRANSACTION
control field 20250905022438.0
008 - FIXED-LENGTH DATA ELEMENTS--GENERAL INFORMATION
fixed length control field 151202s2015 caua j 000 1 eng
010 ## - LIBRARY OF CONGRESS CONTROL NUMBER
LC control number bl2015042004
020 ## - INTERNATIONAL STANDARD BOOK NUMBER
International Standard Book Number 9781484704806
Qualifying information paperback
020 ## - INTERNATIONAL STANDARD BOOK NUMBER
International Standard Book Number 1484704800
Qualifying information pbk.
035 ## - SYSTEM CONTROL NUMBER
System control number (OCoLC)930793381
040 ## - CATALOGING SOURCE
Original cataloging agency NjBwBT
Language of cataloging eng
Transcribing agency IEP
Description conventions rda
Modifying agency IEP
-- OCLCO
-- ZHB
-- OCLCO
-- SO$
050 14 - LIBRARY OF CONGRESS CALL NUMBER
Classification number PZ7.S33182
Item number Re 2015
082 04 - DEWEY DECIMAL CLASSIFICATION NUMBER
Classification number [E]
Edition number 23
092 ## - LOCALLY ASSIGNED DEWEY CALL NUMBER (OCLC)
Filing suffix E
Classification number SCHAEFER
100 1# - MAIN ENTRY--PERSONAL NAME
Personal name Schaefer, Elizabeth
Titles and words associated with a name (Adaptor),
Relator term author.
245 10 - TITLE STATEMENT
Title Rey meets BB-8 /
Statement of responsibility, etc. written by Elizabeth Schaefer ; illustrated by Brian Rood.
250 ## - EDITION STATEMENT
Edition statement First edition.
264 #1 - PRODUCTION, PUBLICATION, DISTRIBUTION, MANUFACTURE, AND COPYRIGHT NOTICE
Place of production, publication, distribution, manufacture Los Angeles :
Name of producer, publisher, distributor, manufacturer Disney/Lucasfilm Press,
Date of production, publication, distribution, manufacture, or copyright notice 2015.
300 ## - PHYSICAL DESCRIPTION
Extent 30 pages :
Other physical details color illustrations ;
Dimensions 23 cm.
336 ## - CONTENT TYPE
Content type term text
Source rdacontent.
337 ## - MEDIA TYPE
Media type term unmediated
Source rdamedia.
338 ## - CARRIER TYPE
Carrier type term volume
Source rdacarrier.
490 1# - SERIES STATEMENT
Series statement World of reading. Level 1.
500 ## - GENERAL NOTE
General note At head of title: Star Wars : The Force Awakens.
520 ## - SUMMARY, ETC.
Summary, etc. Scavenger Rey lives a lonely existence on the planet Jakku until a visit by droid BB-8 changes her life forever.
650 #0 - SUBJECT ADDED ENTRY--TOPICAL TERM
Topical term or geographic name as entry element Robots
Form subdivision Juvenile fiction.
650 #0 - SUBJECT ADDED ENTRY--TOPICAL TERM
Topical term or geographic name as entry element Extraterrestrial beings
Form subdivision Juvenile fiction.
650 #0 - SUBJECT ADDED ENTRY--TOPICAL TERM
Topical term or geographic name as entry element Space warfare
Form subdivision Juvenile fiction.
655 #7 - INDEX TERM--GENRE/FORM
Genre/form data or focus term Action and adventure fiction.
Source of term lcgft.
655 #7 - INDEX TERM--GENRE/FORM
Genre/form data or focus term Science fiction.
Source of term lcgft.
700 1# - ADDED ENTRY--PERSONAL NAME
Personal name Rood, Brian,
Relator term illustrator.
730 0# - ADDED ENTRY--UNIFORM TITLE
Relationship information Adaptation of (expression):
Uniform title Star Wars : the force awakens (Motion picture)
830 #0 - SERIES ADDED ENTRY--UNIFORM TITLE
Uniform title World of reading (New York, N.Y.).
Number of part/section of a work Level 1.
907 ## - LOCAL DATA ELEMENT G, LDG (RLIN)
a .b336788952
942 ## - ADDED ENTRY ELEMENTS (KOHA)
Koha item type Libro/Book
Holdings
Withdrawn status Lost status Damaged status Not for loan Home library Current library Date acquired Total Checkouts Full call number Barcode Date last seen Price effective from Koha item type
        San Juan Del Sur -- Biblioteca San Juan Del Sur -- Biblioteca 05/09/2025   JI 30023421 05/09/2025 05/09/2025 Libro/Book

Powered by Koha